Structural steel designer's handbook : (Record no. 10997)
[ view plain ]
| 000 -LEADER | |
|---|---|
| fixed length control field | 01700cam a2200337 a 4500 |
| 001 - CONTROL NUMBER | |
| control field | 14479782 |
| 005 - DATE AND TIME OF LATEST TRANSACTION | |
| control field | 20070601095626.0 |
| 008 - FIXED-LENGTH DATA ELEMENTS--GENERAL INFORMATION | |
| fixed length control field | 060803s2006 nyuab 001 0 eng |
| 010 ## - LIBRARY OF CONGRESS CONTROL NUMBER | |
| LC control number | 2006280107 |
| 020 ## - INTERNATIONAL STANDARD BOOK NUMBER | |
| International Standard Book Number | 0071432183 (alk. paper) |
| 020 ## - INTERNATIONAL STANDARD BOOK NUMBER | |
| International Standard Book Number | 9780071432184 |
| 040 ## - CATALOGING SOURCE | |
| Original cataloging agency | DLC |
| Transcribing agency | DLC |
| Modifying agency | DLC |
| 050 00 - LIBRARY OF CONGRESS CALL NUMBER | |
| Classification number | TA684 |
| Item number | .S79 2006 |
| 082 00 - DEWEY DECIMAL CLASSIFICATION NUMBER | |
| Classification number | 624.1821 |
| Edition number | 22 |
| Item number | STR |
| 245 00 - TITLE STATEMENT | |
| Title | Structural steel designer's handbook : |
| Remainder of title | AISC, AASHTO, AISI, ASTM, AREMA, and ASCE-07 design standards / |
| Statement of responsibility, etc | Edited by Roger L. Brockenbrough, editor, Frederick S. Merritt |
| 250 ## - EDITION STATEMENT | |
| Edition statement | 4th ed. |
| 260 ## - PUBLICATION, DISTRIBUTION, ETC. (IMPRINT) | |
| Place of publication, distribution, etc | New York : |
| Name of publisher, distributor, etc | McGraw-Hill, |
| Date of publication, distribution, etc | c2006. |
| 300 ## - PHYSICAL DESCRIPTION | |
| Extent | 1 v. (various pagings) : |
| Other physical details | ill., maps ; |
| Dimensions | 25 cm. |
| 500 ## - GENERAL NOTE | |
| General note | Includes index. |
| 650 #0 - SUBJECT ADDED ENTRY--TOPICAL TERM | |
| Topical term or geographic name as entry element | Building, Iron and steel. |
| 650 #0 - SUBJECT ADDED ENTRY--TOPICAL TERM | |
| Topical term or geographic name as entry element | Steel, Structural. |
| 700 1# - ADDED ENTRY--PERSONAL NAME | |
| Personal name | Brockenbrough, R. L. |
| 700 1# - ADDED ENTRY--PERSONAL NAME | |
| Personal name | Merritt, Frederick S. |
| 856 42 - ELECTRONIC LOCATION AND ACCESS | |
| Materials specified | Contributor biographical information |
| Uniform Resource Identifier | <a href="http://www.loc.gov/catdir/enhancements/fy0669/2006280107-b.html">http://www.loc.gov/catdir/enhancements/fy0669/2006280107-b.html</a> |
| 856 42 - ELECTRONIC LOCATION AND ACCESS | |
| Materials specified | Publisher description |
| Uniform Resource Identifier | <a href="http://www.loc.gov/catdir/enhancements/fy0669/2006280107-d.html">http://www.loc.gov/catdir/enhancements/fy0669/2006280107-d.html</a> |
| 856 41 - ELECTRONIC LOCATION AND ACCESS | |
| Materials specified | Table of contents only |
| Uniform Resource Identifier | <a href="http://www.loc.gov/catdir/enhancements/fy0669/2006280107-t.html">http://www.loc.gov/catdir/enhancements/fy0669/2006280107-t.html</a> |
| 942 ## - ADDED ENTRY ELEMENTS (KOHA) | |
| Source of classification or shelving scheme | Dewey Decimal Classification |
| Item type | NB - Book (Non borrowing) |
| Withdrawn status | Item status | Source of classification or shelving scheme | Damaged status | Not for loan | Vendor | Home library | Current library | Shelving location | Date acquired | Source of acquisition | Total Checkouts | Full call number | Barcode | Date last seen | Date last borrowed | Koha item type |
|---|---|---|---|---|---|---|---|---|---|---|---|---|---|---|---|---|
| Dewey Decimal Classification | Baccah | Central Library | Central Library | First floor | 03/03/2009 | 1 | 624.1821 STR | 000015204 | 15/07/2025 | 20/12/2009 | NB - Book (Non borrowing) | |||||
| Dewey Decimal Classification | Baccah | Central Library | Central Library | First floor | 03/03/2009 | 1 | 624.1821 STR | 000015203 | 15/07/2025 | 15/03/2010 | NB - Book (Non borrowing) |